000 00695nam a2200229Ia 4500
003 GCL
008 140319s9999 xx 000 0 ara d
040 _aGCL /
_cGCL
082 0 4 _a811.9537
_bع م
100 1 _aعلوى الهاشمى
245 1 0 _aما قالته النخلة للبحر /
_cعلوى الهاشمى
260 _a[S.N] :
_bالمؤسسة العربية للدراسات والنشر ،
_c1994
300 _a564 ص
490 _a
650 0 4 _aالشعر العربى
650 0 4 _aالادب العربى
650 0 4 _aالعصر الحديث
650 0 4 _aدواوين وقصائد
650 0 4 _aالهاى فاى
650 0 4 _aالبحرين
942 _2ddc
_cBK
999 _c55989
_d55989